000 00451nam a2200181Ia 4500
001 22574
005 20260414150840.0
008 260414t2009||||xx |||||||||||||| ||spa||
041 _aESP
082 _a621.382
_bS54
100 _aSilage, Dennis
_eAUT
245 0 _aDigital Communication systems using matlab and simulink
_b
260 _c2009
300 _a187 páginas :
_c25 cm.
650 _aTCA
654 _aCET
942 _cLIB
_dJUS
_fJUS
_2ddc
_n
999 _c22574
_d22574